Adidas Footballers 2026 - Statistics

General Stats
  • This quiz has been taken 28 times
    15 since last reset
  • The average score is 27 of 50
Answer Stats
Club Position Player Name % Correct
Real Madrid CAM Bellingham
93%
Barcelona RW Lamine Yamal
86%
Barcelona CM Pedri
86%
Liverpool RW Salah
86%
Barcelona RB Kounde
79%
Barcelona LW Raphinha
79%
Real Madrid RW Rodrygo
79%
Manchester City GK Donnarumma
71%
Bayern Munchen GK Neuer
71%
Barcelona CAM Olmo
71%
Atletico de Madrid ST Alvarez
64%
Liverpool ST Ekitike
64%
Arsenal CB Gabriel
64%
Liverpool ST Isak
64%
Arsenal CB Saliba
64%
Liverpool CAM Szoboszlai
64%
PSG LW Barcola
57%
Real Madrid LW Brahim
57%
PSG ST Dembele
57%
Bayern Munchen LW Diaz
57%
Inter Milan LB Dimarco
57%
Inter Milan RB Dumfries
57%
Arsenal LW Martinelli
57%
PSG LB Mendes
57%
Real Madrid CB Militao
57%
Arsenal CM Rice
57%
Liverpool CM Wirtz
57%
Manchester United CM Casemiro
50%
Atletico de Madrid CM Koke
50%
PSG LW Kvaratskhelia
50%
Manchester United RW Mbuemo
50%
PSG CM Ruiz
50%
Manchester City CM Silva
50%
Atletico de Madrid RW Simeone
50%
Juventus LW Yildiz
50%
Bayern Munchen CM Goretzka
43%
Dortmund ST Guirassy
43%
Atletico de Madrid CB Le Normand
43%
Atletico de Madrid LW Lookman
43%
Manchester United CB Maguire
43%
Real Madrid RB Trent
43%
Arsenal CM Zubimendi
43%
Manchester City CM Cherki
36%
Manchester United CM Diallo
36%
Manchester City RW Semenyo
36%
Manchester City CB Gvardiol
29%
Manchester United LW Garnacho
21%
Bayern Munchen LW Gnabry
21%
Spurs ST Kolo Muani
21%
Inter Milan CB Pavard
21%
No matching quizzes found
Score Distribution
Percent of People with Each Score
Percentile by Number Answered
Your Score History
You have not taken this quiz since the last reset